ბათუმის შოთა რუსთაველის სახელმწიფო უნივერსიტეტის ბიბლიოთეკა

ლილე:ახალგაზრდა საბავშვო მწერალთა მხატვრულ–ლიტერატურული ალმანახი (ბიბ.ჩანაწერი № 42466)

000 -LEADER
fixed length control field 00864nam a2200205Ia 4500
001 - CONTROL NUMBER
control field 9162
003 - CONTROL NUMBER IDENTIFIER
control field GE_BSU
008 - FIXED-LENGTH DATA ELEMENTS--GENERAL INFORMATION
fixed length control field 181216s||||||||xx |||||||||||||| ||und||
040 ## - CATALOGING SOURCE
Transcribing agency GE_BSU
080 ## - UNIVERSAL DECIMAL CLASSIFICATION NUMBER
Universal Decimal Classification number 82-93
245 ## - TITLE STATEMENT
Title ლილე:ახალგაზრდა საბავშვო მწერალთა მხატვრულ–ლიტერატურული ალმანახი
245 ## - TITLE STATEMENT
Statement of responsibility, etc. რედ.თ.ბექიშვილი.მხატვ. თ.გორდელაძე
260 ## - PUBLICATION, DISTRIBUTION, ETC.
Place of publication, distribution, etc. თბილისი
260 ## - PUBLICATION, DISTRIBUTION, ETC.
Name of publisher, distributor, etc. ნაკადული
260 ## - PUBLICATION, DISTRIBUTION, ETC.
Date of publication, distribution, etc. 1969
300 ## - PHYSICAL DESCRIPTION
Extent 82გვ.21სმ.
653 ## - INDEX TERM--UNCONTROLLED
Uncontrolled term ახალგაზრდა საბავშვო მწერალთა მხატვრულ–ლიტერატურული ალმანახი
653 ## - INDEX TERM--UNCONTROLLED
Uncontrolled term ლილე
942 ## - ADDED ENTRY ELEMENTS (KOHA)
Koha item type წიგნი
ეგზემპლარები
Withdrawn status Lost status Damaged status Not for loan Date acquired Barcode Date last seen Price effective from Koha item type
        2018-12-17 31879 2018-12-17 2018-12-17 წიგნი
        2018-12-17 31880 2018-12-17 2018-12-17 წიგნი
        2018-12-17 31881 2018-12-17 2018-12-17 წიგნი